Normal view
MARC view
Entry Nombre personal
001 - NÚMERO DE CONTROL
- campo de control: 89544
003 - IDENTIFICADOR DEL NÚMERO DE CONTROL
- campo de control: DO-SdBNP
005 - FECHA Y HORA DE LA ÚLTIMA TRANSACCIÓN
- campo de control: 20260513090022.0
008 - DATOS DE LONGITUD FIJA
- campo de control de longitud fija: 260513|| aza||aabn | a|a d
040 ## - FUENTE DE LA CATALOGACIÓN
- Centro catalogador/agencia de origen: DO-SdBNP
- Lengua de catalogación: spa
- Centro/agencia transcriptor: BNPHU
- Normas de descripción: rda
100 ## - ENCABEZAMIENTO-NOMBRE DE PERSONA
- Nombre de persona: Rosa a A., Germán De la
374 ## - OCUPACIÓN
- Ocupación: Escritor
375 ## - GÉNERO/SEXO
- Género/Sexo: Masculino
678 ## - DATOS BIOGRÁFICOS O HISTÓRICOS
- Datos biográficos o históricos: Germán A. De La Rosa es escritor. Vivió 51 años junto a Sharon —su esposa y compañera— y el 28 de septiembre de 2024 la acompañó en su muerte, tras una enfermedad que no dejó espacio para el autoengaño. Desde entonces escribe desde un lugar que no buscó: la vida cuando el amor no desaparece, pero la persona sí. No ofrece fórmulas para “superar” el duelo ni promesas de transformación. Se queda con lo que no se arregla: la ausencia, la memoria, el cuerpo que sigue actuando como si el otro fuera a volver, y ese mantenimiento diario que a veces es lo único posible. Es autor de Abrazando la Finitud, inicio de la serie Corazón Valiente. En Diálogos en el Silencio aborda cuidados paliativos, decisiones difíciles y acompañamiento ético al final de la vida, con testimonio y conversación abierta, sin heroicidad. En La Pérdida… Mi Gran Maestro continúa esa línea: una crónica íntima del duelo, sin recetas y sin frases de taza. Vive entre la escritura y su familia. Impulsa Proyecto Trípode Ediciones, un sello hispanoamericano dedicado al duelo y la finitud
